1038 1899 1807 1191 1493 1087 1029 1625 1198 1579 1482 1344 1245 1663 1937 1732 1871 1507 1965 1959 1779 1104 1566 1421 1458 1547 1598 1295 1868 1576 1200 1779 1938 1748 1985 1359 1754 1571 1192 1083 1992 1591 1522 1432 1845 1194 1315 1115 1259 1154 1570 1006 1978 1644 1569 1821 1358 1149 1299 1271 1589 1188 1438 1157 1166 1943 1825 1061 1526 1973 1433 1656 1205 1672 1386 1648 1408 1880 1138 1544 1348 1042 1435 1975 1809 1056 1741 1032 1517 1451 1647 1879 1934 1901 1795 1378 1932 1315 1524 BCNSPRNW ULIB Ver.6.0+V

เปลี่ยนเป็นภาษาไทย

Change to English
 แสดงรายละเอียดบรรณานุกรม
  กลับหน้าหลัก

Brief Record : Get Marc (ISO 2709) : E-mail record : QR code < ปิดหน้าต่าง
LEADER : 00000nam 2200000uu 4500
001    13399107653
003     ULIB
008    100901s2553th 000 0 tha d
020    9789744225580
040    brv
060 04 WK810^bร924บ 2553
245 00 โรคเบาหวาน =^bCases approach for diabetes mellitusmanagement /^cบรรณาธิการ วีระศักดิ์ ศรินนภากร ... [และคนอื่นๆ]
246 31 Cases approach for diabetes mellitus management
250    พิมพ์ครั้งที่ 1
260    กรุงเทพฯ :^bงานต่อมไร้ท่อ กลุ่มงานอายุรศาสตร์คณะแพทยศาสตร์ มหาวิทยาลัยรังสิต,^c2553
300    ก-ฏ, 298 หน้า :^bภาพประกอบ ;^c26 ซม.
650  7 เบาหวาน^xการรักษา
650  7 เบาหวาน^xการวินิจฉัย
650  7 เบาหวาน^xผู้ป่วย^xการดูแล
650  7 เบาหวาน^xภาวะแทรกซ้อน
700 0  วีระศักดิ์ ศรินนภากร,^eบรรณาธิการ
710 2  มหาวิทยาลัยรังสิต.^bคณะแพทยศาสตร์.^bกลุ่มงานอายุรศาสตร์.^bงานต่อมไร้ท่อ
945    ^p350^l0^i028481
945    ^p350^l0^i028480
945    ^p350^l0^i028484
945    ^p350^l0^i028482
945    ^p350^l0^i029336
945    ^p350^l0^i029337
945    ^p350^l0^i029338
945    ^p350^l0^i028479
945    ^p350^l0^i028485
945    ^p350^l0^i028483
995    เกษร
999 ^a ใช้งานได้ทุกระบบ
รายการนี้ยังไม่มีแท็ก
คุณยังไม่ได้ล็อกอิน คุณสามารถมีกิจกรรมร่วมกับเว็บไซต์ได้ แต่ต้องล็อกอินก่อน ::
  ล็อกอิน

รายการสื่อสารสนเทศ

ลำดับที่ ประเภท เลขเรียก/บาร์โค้ด สถานที่ สถานะ
1. วิทยาศาสตร์การแพทย์ และสุขภาพ
หนังสือสำรอง
สถานะ=หนังสือสำรอง
WK810 ร924บ 2553 ฉ.1 
  Barcode: 028479
ห้องสมุดวิทยาเขตสวรรค์ประชารักษ์
►ส่วนจัดเก็บหนังสือเก่า สปร
บนชั้น
  ขอยืม
2. วิทยาศาสตร์การแพทย์ และสุขภาพ
วิทยาศาสตร์การแพทย์ และสุขภาพ
WK810 ร924บ 2553 ฉ.10 
  Barcode: 029338
ห้องสมุดวิทยาเขตสวรรค์ประชารักษ์
►ส่วนจัดเก็บหนังสือเก่า สปร
บนชั้น
  ขอยืม
3. วิทยาศาสตร์การแพทย์ และสุขภาพ
วิทยาศาสตร์การแพทย์ และสุขภาพ
WK810 ร924บ 2553 ฉ.2 
  Barcode: 028480
ห้องสมุดวิทยาเขตสวรรค์ประชารักษ์
►ส่วนจัดเก็บหนังสือเก่า สปร
บนชั้น
  ขอยืม
4. วิทยาศาสตร์การแพทย์ และสุขภาพ
วิทยาศาสตร์การแพทย์ และสุขภาพ
WK810 ร924บ 2553 ฉ.3 
  Barcode: 028481
ห้องสมุดวิทยาเขตสวรรค์ประชารักษ์
►ส่วนจัดเก็บหนังสือเก่า สปร
บนชั้น
  ขอยืม
5. วิทยาศาสตร์การแพทย์ และสุขภาพ
วิทยาศาสตร์การแพทย์ และสุขภาพ
WK810 ร924บ 2553 ฉ.4 
  Barcode: 028482
ห้องสมุดวิทยาเขตสวรรค์ประชารักษ์
►ส่วนจัดเก็บหนังสือเก่า สปร
บนชั้น
  ขอยืม
6. วิทยาศาสตร์การแพทย์ และสุขภาพ
วิทยาศาสตร์การแพทย์ และสุขภาพ
WK810 ร924บ 2553 ฉ.7 
  Barcode: 028485
ห้องสมุดวิทยาเขตสวรรค์ประชารักษ์
►ส่วนจัดเก็บหนังสือเก่า สปร
บนชั้น
  ขอยืม
7. วิทยาศาสตร์การแพทย์ และสุขภาพ
วิทยาศาสตร์การแพทย์ และสุขภาพ
WK810 ร924บ 2553 ฉ.8 
  Barcode: 029336
ห้องสมุดวิทยาเขตสวรรค์ประชารักษ์
►ส่วนจัดเก็บหนังสือเก่า สปร
บนชั้น
  ขอยืม

รายการใกล้เคียง
    หัวเรื่อง [เบาหวาน การรักษา]
    หัวเรื่อง [เบาหวาน การวินิจฉัย]

BibComment


ยังไม่เคยถูกคอมเมนท์

คอมเมนท์ทรัพยากรรายการนี้
  คอมเมนท์: โรคเบาหวาน Cases..


 Copyright 2026. Bcnsprnw @Library